[Event "Masters KO"]
[Site "Villa Martelli ARG"]
[Date "2002.04.13"]
[Round "1.2"]
[White "Slipak,S"]
[Black "Ginzburg,Ma"]
[Result "0-1"]
[WhiteElo "2498"]
[BlackElo "2445"]

1.d4 Nf6 2.c4 c5 3.d5 e6 4.Nc3 exd5 5.cxd5 d6 6.Nf3 g6 7.Bf4 a6 8.a4 Bg7
9.h3 O-O 10.e3 Qe7 11.Be2 Nbd7 12.O-O Nh5 13.Bg5 f6 14.Bh4 Bh6 15.Nd2 Ng7
16.Bg3 f5 17.Re1 Ne5 18.f4 Nf7 19.Bf2 Bd7 20.a5 Rae8 21.Nc4 g5 22.g3 Bb5
23.Qb3 Bxc4 24.Qxc4 Qf6 25.Kh2 Re7 26.Bf3 Qg6 27.h4 g4 28.Bg2 Nh5 29.b4 cxb4
30.Qxb4 Bg7 31.Rac1 Rfe8 32.e4 Bxc3 33.Rxc3 fxe4 34.Bd4 Nh6 35.Rce3 Nf5 36.Bb2 Nxe3
37.Rxe3 Ng7 38.Qe1 Rc8 39.Rc3 Rxc3 40.Qxc3 e3 41.Qc8+ Qe8 42.Qxg4 e2 43.Bc3 e1=Q
44.Bxe1 Rxe1 45.f5 Qh5 46.Qb4 Re2 47.Qxd6 Nxf5 48.Qb8+ Qe8 49.Qxb7 Ne3 50.d6 Rxg2+
51.Kh1 Rd2  0-1

[Event "Open"]
[Site "Dubai UAE"]
[Date "2002.04.16"]
[Round "2"]
[White "Kuzmin,A"]
[Black "Hakki,I"]
[Result "1/2-1/2"]
[WhiteElo "2568"]
[BlackElo "2431"]

1.d4 Nf6 2.c4 e6 3.Nf3 c5 4.d5 exd5 5.cxd5 d6 6.Nc3 g6 7.Qa4+ Bd7 8.Qb3 Qc7
9.e4 Bg7 10.Bf4 O-O 11.Nd2 Re8 12.Be2 b5 13.Bxb5 Nxe4 14.Ncxe4 f5 15.O-O fxe4
16.Nc4 Bf8 17.Bxd7 Nxd7 18.Qg3 Qb7 19.Rfd1 Nb6 20.Nxd6 Bxd6 21.Bxd6 Rac8
22.h4 Nxd5 23.h5 Re6 24.hxg6 Rxg6 25.Qe5 Nb4 26.Qe7 Qc6 27.Bxc5 Nd3 28.Be3 Re8
29.Qa3 h5 30.Qb3+ Ree6 31.Rac1 Nxc1 32.Rxc1 Qd7 33.Rc5 Qf7 34.Rxh5 Rg7 35.Rc5 Re8
36.Qc3 Qxa2 37.Bd4 Qb1+ 38.Qc1 Qxc1+ 39.Rxc1 Rd7  1/2-1/2

[Event "Classics GM"]
[Site "Gausdal NOR"]
[Date "2002.04.16"]
[Round "7"]
[White "Halkias,S"]
[Black "Lie,K"]
[Result "1/2-1/2"]
[WhiteElo "2546"]
[BlackElo "2388"]

1.d4 Nf6 2.c4 c5 3.d5 e6 4.Nc3 exd5 5.cxd5 d6 6.Nf3 g6 7.Nd2 Bg7 8.Nc4 O-O
9.Bf4 Ne8 10.Qd2 b6 11.a4 Ba6 12.e4 Qe7 13.Ne3 Bxf1 14.Kxf1 Nd7 15.Re1 a6
16.Nc4 Rb8 17.h4 Ne5 18.Bxe5 Bxe5 19.h5 Nf6 20.hxg6 fxg6 21.Nxe5  1/2-1/2

[Event "Classics IMA"]
[Site "Gausdal NOR"]
[Date "2002.04.16"]
[Round "7"]
[White "Tallaksen,G"]
[Black "Trygstad,K"]
[Result "1/2-1/2"]
[WhiteElo "2235"]
[BlackElo "2313"]

1.d4 Nf6 2.c4 c5 3.d5 e6 4.Nc3 exd5 5.cxd5 d6 6.Nf3 g6 7.h3 a6 8.a4 Qe7 9.Bf4 Nbd7
10.e3 Bg7 11.Be2 O-O 12.O-O Ne8 13.Re1 Rb8 14.Nd2 Ne5 15.Bh2 f5 16.f4 Nf7
17.Bd3 Nf6 18.Kh1 Qd8 19.Qc2 b5 20.axb5 axb5 21.Bxb5 Nxd5 22.Nxd5 Rxb5 23.Nc4 Be6
24.e4 Qd7 25.Qd2 fxe4 26.Rxe4 Bxd5 27.Qxd5 Qb7 28.Rd1 Qxd5 29.Rxd5 Bxb2 30.Nxd6 Rd8
31.Nxb5 Rxd5 32.Bg1 Rd1  1/2-1/2

[Event "ch-YUG w"]
[Site "Kotor YUG"]
[Date "2002.04.18"]
[Round "6"]
[White "Prudnikova,S"]
[Black "Chelushkina,I"]
[Result "1/2-1/2"]
[WhiteElo "2422"]
[BlackElo "2385"]

1.d4 Nf6 2.c4 e6 3.Nc3 c5 4.d5 d6 5.Nf3 exd5 6.cxd5 g6 7.h3 Bg7 8.e4 O-O
9.Bd3 a6 10.a4 Re8 11.O-O Nbd7 12.Re1 Qc7 13.Bc4 Rb8 14.Qc2 Nb6 15.Bf1 Bd7
16.Rb1 Na8 17.Bd2 b5 18.axb5 Bxb5 19.Bxb5 axb5 20.b4 Nd7 21.Rec1 c4 22.Ra1 Ne5
23.Nxe5 Bxe5 24.Ra5 Qd7 25.Rca1 Nc7 26.Ra7 Bd4 27.R7a3 Qe7 28.Re1 Qf6 29.Nd1 Ra8
30.Rf3 Qe7 31.Bc3 Bxc3 32.Nxc3 Qe5 33.Qd2 Ra3 34.Rg3 Qg7 35.f4 Rb3 36.e5 dxe5
37.d6 Ne6 38.fxe5 Rd8 39.Qf2 Rxb4 40.Nd5 Ra4 41.Qb6 Qh6 42.Qxb5 Qd2 43.Nf6+ Kh8
44.Qb1 Nf4 45.Kh2 Rb4 46.Rd1 Rxb1  1/2-1/2

[Event "ch-YUG w"]
[Site "Kotor YUG"]
[Date "2002.04.18"]
[Round "6"]
[White "Prudnikova,S"]
[Black "Chelushkina,I"]
[Result "1/2-1/2"]
[WhiteElo "2422"]
[BlackElo "2385"]

1.d4 Nf6 2.c4 e6 3.Nc3 c5 4.d5 d6 5.Nf3 exd5 6.cxd5 g6 7.h3 Bg7 8.e4 O-O
9.Bd3 a6 10.a4 Re8 11.O-O Nbd7 12.Re1 Qc7 13.Bc4 Rb8 14.Qc2 Nb6 15.Bf1 Bd7
16.Rb1 Na8 17.Bd2 b5 18.axb5 Bxb5 19.Bxb5 axb5 20.b4 Nd7 21.Rec1 c4 22.Ra1 Ne5
23.Nxe5 Bxe5 24.Ra5 Qd7 25.Rca1 Nc7 26.Ra7 Bd4 27.Re1  1/2-1/2

[Event "TCh-ISR"]
[Site "ISR"]
[Date "2002.04.19"]
[Round "9"]
[White "Avrukh,B"]
[Black "Uritzky,M"]
[Result "1-0"]
[WhiteElo "2591"]
[BlackElo "2418"]

1.d4 Nf6 2.c4 c5 3.d5 e6 4.Nf3 exd5 5.cxd5 d6 6.Nc3 g6 7.h3 Bg7 8.e4 O-O
9.Bd3 Na6 10.O-O Nb4 11.Bc4 Nd7 12.a3 Nb6 13.Be2 Na6 14.Bf4 Re8 15.Bb5 Bd7
16.Bd3 c4 17.Bc2 Nc8 18.Re1 Nc5 19.a4 Qb6 20.Re3 Nd3 21.Bxd3 cxd3 22.Qd2 Qb4
23.a5 b6 24.a6 b5 25.Ne1 Qc4 26.Nxd3 b4 27.Na2 Rxe4 28.Naxb4 Rxe3 29.Bxe3 Bf5
30.Rc1 Qb5 31.Rc7 Nb6 32.Rb7 Bxd3 33.Bxb6 axb6 34.a7 Qe8 35.Nc6 Bb5 36.Qb4 Bxc6
37.dxc6 Qxc6 38.Rb8+ Bf8 39.Rxa8 Qxa8 40.Qxb6 Qe4 41.g3 h5 42.Qb8 Qe1+ 43.Kg2 Qe4+
44.Kh2  1-0

[Event "Open"]
[Site "Dubai UAE"]
[Date "2002.04.23"]
[Round "7"]
[White "Istratescu,A"]
[Black "Shariyazdanov,A"]
[Result "1-0"]
[WhiteElo "2605"]
[BlackElo "2532"]

1.d4 Nf6 2.c4 e6 3.Nf3 c5 4.d5 exd5 5.cxd5 d6 6.Nc3 g6 7.e4 a6 8.h3 b5 9.Bd3 Bg7
10.O-O O-O 11.a3 Re8 12.Re1 Nbd7 13.Bf4 Qb6 14.Qd2 c4 15.Bc2 Nc5 16.Be3 Nfd7
17.Rab1 Bb7 18.Nd4 Qc7 19.f4 Re7 20.Bf2 Rae8 21.Re2 Qb6 22.Kh2 Kh8 23.Bh4 Nf6
24.Rbe1 Nd3 25.Bxd3 cxd3 26.Qxd3 Nh5 27.Rd2 Nxf4 28.Qe3 Rd7 29.Qxf4 Be5 30.Bf6+ Kg8
31.Bxe5 dxe5 32.Qg4  1-0

[Event "TUR-BUL Chess Summit"]
[Site "Istanbul TUR"]
[Date "2002.04.25"]
[Round "1"]
[White "Bayram,Y"]
[Black "Simeonov,S"]
[Result "0-1"]
[WhiteElo "2312"]
[BlackElo "2348"]

1.d4 Nf6 2.c4 c5 3.d5 e6 4.Nc3 exd5 5.cxd5 d6 6.Nf3 g6 7.Bf4 Bg7 8.Qa4+ Bd7
9.Qb3 Qc7 10.e4 O-O 11.Be2 b5 12.Nxb5 Bxb5 13.Bxb5 Nxe4 14.Qa4 Bxb2 15.Rb1 Nc3
16.Qc2 Nxb1 17.Qxb2 Qa5+ 18.Nd2 Nc3 19.Bh6 Qxb5 20.Qxc3 Re8+ 21.Kd1 Qe2+
22.Kc2 Qe5 23.f3 Na6 24.Qxe5 Nb4+ 25.Kb3 Rxe5 26.Ne4 f5 27.Nxd6 Rxd5 28.Nb5 a6
29.Nc7 Rd3+ 30.Kc4 Rc8 31.Ne6 Rd6 32.Nf4 Rd4+ 33.Kc3 Rxf4 34.Bxf4 Nd5+ 35.Kc4 Nxf4
36.g3 Ne6 37.Rb1  0-1

[Event "ch-LTU"]
[Site "Vilnius LTU"]
[Date "2002.05.17"]
[Round "1"]
[White "Ruzele,D"]
[Black "Piesina,G"]
[Result "0-1"]
[WhiteElo "2545"]
[BlackElo "2411"]

1.d4 Nf6 2.c4 e6 3.Nf3 c5 4.d5 exd5 5.cxd5 d6 6.Nc3 g6 7.Nd2 Bg7 8.Nc4 O-O
9.Bf4 Ne8 10.Qd2 b6 11.a4 Ba6 12.e3 Bxc4 13.Bxc4 a6 14.O-O f5 15.e4 Nd7 16.Bg5 Bf6
17.Bh6 Bg7 18.Bg5 Bf6 19.Bxf6 Qxf6 20.exf5 Ne5 21.b3 Qxf5 22.Qe2 Nxc4 23.bxc4 Nf6
24.Nd1 Rfe8 25.Ne3 Qe5 26.Rab1 Rab8 27.Rb3 Rb7 28.Rfb1 Reb8 29.h3 Nd7 30.a5 Qe7
31.Qa2 Qd8 32.Qa4 Ne5 33.f4 Nf7 34.Qa1 h5 35.Qc3 b5 36.cxb5 Rxb5 37.Rxb5 axb5
38.a6 Qe7 39.Re1 Qh4 40.Rf1 b4 41.Qa1 Re8 42.Nc4 Ng5  0-1

[Event "Tanta Open"]
[Site "Tanta City EGY"]
[Date "2002.05.18"]
[Round "5"]
[White "Krivoshey,S"]
[Black "Frhat,A"]
[Result "1-0"]
[WhiteElo "2472"]
[BlackElo "2303"]

1.d4 Nf6 2.Nf3 c5 3.d5 d6 4.c4 e6 5.Nc3 exd5 6.cxd5 g6 7.h3 Bg7 8.e4 O-O
9.Bd3 b5 10.Nxb5 Re8 11.O-O Nxe4 12.Qa4 Bd7 13.Re1 a6 14.Qa3 Nf6 15.Bg5 Rxe1+
16.Rxe1 h6 17.Bxf6 Qxf6 18.Nc7 Ra7 19.Ne8 Qxb2 20.Qa5 Bxe8 21.Qd8 Nd7 22.Rxe8+ Nf8
23.Qxd6 Qc3 24.Bf1 Rb7 25.Qxa6 Rb1 26.d6 Rd1 27.Kh2 Qc1 28.Be2 Rh1+ 29.Kg3 g5
30.Qc4 Qxc4 31.Bxc4 Rd1 32.a4 Bc3 33.Re7 Ne6 34.Bxe6 fxe6 35.d7 Ba5 36.Ne5 Rd5
37.Nc6 Bc7+ 38.Kg4 c4  1-0

[Event "Tanta Open"]
[Site "Tanta City EGY"]
[Date "2002.05.22"]
[Round "9"]
[White "Abdel Razik,A"]
[Black "De Vreugt,D"]
[Result "1/2-1/2"]
[WhiteElo "2098"]
[BlackElo "2457"]

1.d4 Nf6 2.Nf3 c5 3.d5 e6 4.c4 d6 5.Nc3 exd5 6.cxd5 g6 7.Bf4 Bg7 8.Qa4+ Bd7
9.Qb3 Qc7 10.e4 O-O 11.Bd3 Na6 12.O-O Nh5 13.Be3 Rab8 14.a4 Nb4 15.Nb5 Bxb5
16.Bxb5 a6 17.Be2 Rbe8 18.Nd2 f5 19.exf5 Rxf5 20.Bg4 Rff8 21.Rac1 Qe7 22.Be6+ Kh8
23.Nc4 Nf4 24.Bxf4 Rxf4 25.g3 Rd4 26.Rcd1 b5 27.Na3 bxa4 28.Qxa4 Rf8 29.Qb3 Rxd1
30.Rxd1 Qf6 31.Rd2 Qf3 32.Qxf3 Rxf3 33.Nc4 Bf8 34.Kf1 Rd3 35.Ke2 Rxd2+ 36.Kxd2 Kg7
37.f4 Kf6 38.h4 h5 39.Nb6 Ke7 40.b3 Ke8 41.Nc4 Ke7  1/2-1/2

[Event "ISYG-M16"]
[Site "Moscow RUS"]
[Date "2002.06.21"]
[Round "4"]
[White "Zabotin,A"]
[Black "Pantsulaia,L"]
[Result "1/2-1/2"]
[WhiteElo "2249"]
[BlackElo "2414"]

1.d4 Nf6 2.c4 c5 3.d5 e6 4.Nc3 exd5 5.cxd5 d6 6.Nf3 g6 7.g3 Bg7 8.Bg2 O-O
9.O-O a6 10.a4 Re8 11.Nd2 Nbd7 12.h3 Rb8 13.Nc4 Ne5 14.Nxe5 Rxe5 15.Bf4 Re8
16.a5 b5 17.axb6 Qxb6 18.Ra2 Nh5 19.Bd2 f5 20.Qa4 Nf6 21.Bg5 Qb3 22.Bf4 Bf8
23.Qxb3 Rxb3 24.Rd1 Nh5 25.Bd2 Bg7 26.e3 Nf6 27.Bf1 Bf8 28.Bc1 Rb6 29.Ra5 Be7
30.f3 Bd8 31.Ra2 g5 32.Bd3 h5 33.Kf2 Kf7 34.Bd2 g4 35.hxg4 hxg4 36.f4 Rh8
37.Kg2 Kg6 38.Bc4 Ne8 39.Rh1 Rxh1 40.Kxh1 Bf6 41.Na4 Rb7 42.Kg2 Nc7 43.Ba5 Bd7
44.Bxc7 Rxc7 45.Nc3 Rb7 46.Bxa6 Rb3 47.Nd1 Rb4 48.Bf1 Ba4 49.Nc3 Bb3 50.Ra6 Bc2
51.Rxd6 Rxb2 52.Kg1 Kf7 53.Nb5 Rb1 54.Na3 Rc1 55.Nxc2 Rxc2 56.Bd3 Rc3 57.Bxf5 Rxe3
58.Kg2 Re2+ 59.Kf1 Re3 60.Rd7+ Ke8 61.Bxg4 Rxg3 62.Be6 Rf3+ 63.Kg2 Rxf4 64.Rc7 c4
65.d6 Rd4 66.Rxc4  1/2-1/2

[Event "Open"]
[Site "Velika Gorica CRO"]
[Date "2002.06.25"]
[Round "4"]
[White "Jukic,Ze"]
[Black "Bozinovic,Bog"]
[Result "0-1"]
[WhiteElo "2226"]
[BlackElo "2321"]

1.d4 Nf6 2.c4 c5 3.d5 e6 4.Nc3 exd5 5.cxd5 d6 6.Nf3 g6 7.Bf4 a6 8.a4 Bg7
9.h3 O-O 10.e3 Qe7 11.Nd2 Nbd7 12.Be2 Ne5 13.O-O Ne8 14.Bh2 f5 15.Qc2 Nc7
16.Rae1 Bd7 17.f4 Nf7 18.e4 b5 19.axb5 axb5 20.Bf3 Rae8 21.Bg3 Qf6 22.Nd1 fxe4
23.Nxe4 Qd4+ 24.Bf2 Qb4 25.Ndc3 Bf5 26.g4 Bxe4 27.Bxe4 Qc4 28.Qb1 b4 29.Nd1 b3
30.Nc3 Bxc3 31.bxc3 Nxd5 32.Bxg6 Rxe1 33.Rxe1 Qxf4 34.Bxh7+ Kh8 35.Rf1 Ne5
36.Bf5 Ne3 37.Qc1 Nf3+  0-1

[Event "Open"]
[Site "Velika Gorica CRO"]
[Date "2002.06.27"]
[Round "6"]
[White "Nikolac,J"]
[Black "Cebalo,M"]
[Result "0-1"]
[WhiteElo "2428"]
[BlackElo "2515"]

1.d4 Nf6 2.c4 e6 3.Nf3 c5 4.d5 exd5 5.cxd5 d6 6.Nc3 g6 7.Bg5 h6 8.Bh4 a6
9.a4 g5 10.Bg3 Nh5 11.Nd2 Nd7 12.Nc4 Nxg3 13.hxg3 Nb6 14.Na3 Bd7 15.a5 Nc8
16.Nc4 b5 17.axb6 Nxb6 18.e3 Nxc4 19.Bxc4 Bg7 20.Qd3 O-O 21.O-O a5 22.Ra2 f5
23.Bb5 Bc8 24.Ne2 Ra7 25.b3 Qb6 26.Bc4 Bd7 27.Nc3 Be8 28.Re2 Re7 29.Qc2 Kh8
30.Bd3 Qb4 31.Rc1 Bh5 32.Ree1 f4 33.Na2 Qb7 34.gxf4 gxf4 35.e4 Bd4 36.Nc3 Rg7
37.Nb5  0-1

[Event "13th Open"]
[Site "Ljubljana SLO"]
[Date "2002.06.28"]
[Round "7"]
[White "Filip,M"]
[Black "Gallob,J"]
[Result "1/2-1/2"]
[WhiteElo "2465"]
[BlackElo "2054"]

1.d4 Nf6 2.Nf3 c5 3.d5 e6 4.c4 exd5 5.cxd5 d6 6.Nc3 g6 7.Bg5 Bg7 8.e3 O-O
9.Nd2 b6 10.Nc4 Ba6 11.a4 Bxc4 12.Bxc4 h6 13.Bh4 a6 14.O-O Re8 15.Bd3 Qc7
16.Rc1 Nbd7 17.Qe2 Qb7 18.Bg3 Ne5 19.e4 Nh5 20.f3 Nxg3 21.hxg3 Nxd3 22.Qxd3 Rab8
23.Ra1 b5 24.axb5 axb5 25.Ra2 b4 26.Ne2 Ra8 27.Rfa1 Rxa2 28.Rxa2 Ra8 29.Rxa8+ Qxa8
30.b3 Qa1+ 31.Kh2 g5 32.Qc2 Qe1 33.Qd3 h5 34.f4 gxf4 35.gxf4 Qh4+ 36.Qh3  1/2-1/2

[Event "Open"]
[Site "Velika Gorica CRO"]
[Date "2002.06.30"]
[Round "9"]
[White "Nikolac,J"]
[Black "Fercec,N"]
[Result "0-1"]
[WhiteElo "2428"]
[BlackElo "2466"]

1.d4 Nf6 2.c4 c5 3.d5 e6 4.Nc3 exd5 5.cxd5 d6 6.Nf3 g6 7.Nd2 Bg7 8.Nc4 O-O
9.Bg5 h6 10.Bh4 Na6 11.e3 Nc7 12.a4 b6 13.Be2 Ba6 14.O-O Qd7 15.b3 Bb7 16.e4 Rfe8
17.Qc2 Na6 18.Rae1 Nb4 19.Qb1 Ba6 20.f4 Ng4 21.e5 dxe5 22.f5 gxf5 23.Rxf5 Bxc4
24.bxc4 Ne3 25.Rf2 Nbc2 26.Bh5 Nxe1 27.Rxf7 Rf8 28.Qxe1 Rxf7 29.Bxf7+ Qxf7
30.Qxe3 e4 31.Ne2 Rf8 32.h3 Be5 33.Bg3 Bxg3 34.Qxg3+ Qg7 35.Qd6 Qf6 36.Qg3+ Qg5
37.Qc3 e3 38.h4 Qe7 39.Qd3 Rf6 40.Ng3 Qe5 41.Ne4 Rf4 42.Nc3 Rxh4 43.Qg6+ Kf8
44.g3 Rh5  0-1

[Event "ch-SCO"]
[Site "Stirling SCO"]
[Date "2002.07.08"]
[Round "3"]
[White "Fraser,M"]
[Black "Berry,N"]
[Result "1/2-1/2"]
[WhiteElo "2186"]
[BlackElo "2255"]

1.d4 Nf6 2.c4 e6 3.Nf3 c5 4.d5 d6 5.Nc3 exd5 6.cxd5 g6 7.e4 a6 8.a4 Bg4 9.Be2 Bxf3
10.Bxf3 Bg7 11.O-O O-O 12.Bf4 Qe7 13.Qb3 Nbd7 14.a5 Rab8 15.Na4 Ne5 16.Nb6 Ne8
17.Rac1 Nc7 18.Be2 f5 19.exf5 Rxf5 20.Bg3 h5 21.Rxc5 Rf7 22.Rc2 Ne8 23.Nc4 Nxc4
24.Qxc4 Qf6 25.Qb4 Rd8 26.Bh4 g5 27.Bxh5 gxh4 28.Bxf7+ Kxf7 29.Qxb7+ Kg8
30.Rc3 Qf7 31.Qxf7+ Kxf7 32.Rc6 Bxb2 33.Rxa6 Bd4 34.Rc6 Ra8 35.a6 Bc5 36.Rd1 Nf6
37.Kf1 h3 38.gxh3 Kg6 39.Ke2 Kf5 40.h4 Ke5 41.Rc1 Nxd5 42.Kf3 Rf8+ 43.Kg4 Rg8+
44.Kf3 Rf8+ 45.Kg4 Bxf2 46.a7 Bxa7 47.Re1+ Be3 48.h5 Rf2 49.Kg3 Rf5 50.h6 Rh5
51.Rc8 Rxh6 52.Re8+ Re6 53.Rxe6+ Kxe6 54.Kf3 Kf5 55.Rxe3 Nxe3 56.Kxe3 Kg4
57.Kd4 Kh3 58.Kd5 Kxh2 59.Kxd6  1/2-1/2

[Event "Open"]
[Site "Oberwart AUT"]
[Date "2002.07.09"]
[Round "5"]
[White "Timoscenko,G"]
[Black "Shariyazdanov,A"]
[Result "1/2-1/2"]
[WhiteElo "2522"]
[BlackElo "2562"]

1.d4 Nf6 2.c4 e6 3.Nf3 c5 4.d5 exd5 5.cxd5 d6 6.Nc3 g6 7.Nd2 Bg7 8.e4 O-O
9.Be2 a6 10.a4 Nbd7  1/2-1/2

[Event "Dutch Open"]
[Site "Dieren NED"]
[Date "2002.07.11"]
[Round "3"]
[White "Verholt,G"]
[Black "Van Run,J"]
[Result "1/2-1/2"]
[WhiteElo "2134"]
[BlackElo "2102"]

1.d4 c5 2.d5 Nf6 3.c4 e6 4.Nc3 exd5 5.cxd5 d6 6.Nf3 g6 7.h3 Bg7 8.Bf4 O-O
9.e3 Re8 10.Nd2 Nh5 11.Bh2 Bxc3 12.bxc3 Qf6 13.Be2 Ng7 14.O-O Nd7 15.Nc4 Ne5
16.Nxe5 dxe5 17.e4 Bd7 18.Rb1 b6 19.c4 Qe7  1/2-1/2

[Event "KB Czech Open"]
[Site "Pardubice CZE"]
[Date "2002.07.20"]
[Round "2"]
[White "Hoerstmann,Ma"]
[Black "Womacka,M"]
[Result "1/2-1/2"]
[WhiteElo "2323"]
[BlackElo "2493"]

1.d4 Nf6 2.c4 e6 3.Nf3 c5 4.d5 exd5 5.cxd5 d6 6.Nc3 g6 7.e4 Bg7 8.h3 O-O
9.Bd3 b5 10.Bxb5 Nxe4 11.Nxe4 Qa5+ 12.Nfd2 Qxb5 13.Nxd6 Qa6 14.N2c4 Rd8 15.Bf4 Nd7
16.O-O Nb6 17.Nxb6 Qxb6 18.Nxc8 Raxc8 19.Rb1 Qb7 20.d6 Bf8 21.Qd3 Bxd6 22.Bxd6 Rc6
23.Rfd1 Rcxd6 24.Qxd6 Rxd6 25.Rxd6 c4 26.Rd2 c3 27.Rc2 Qe4 28.Rbc1 cxb2 29.Rxb2 a5
30.Rbc2 Qa4 31.Re2 Kg7 32.g3 Qd4 33.a3 Qd6 34.Re3 g5 35.Rb1 Qd7 36.Re5 f6
37.Rxa5 Qxh3 38.Ra7+ Kg6 39.Ra6 Qd7 40.Re1 Kf5 41.Re3 h5 42.Rb6 h4 43.gxh4 Qd1+
44.Kg2 gxh4 45.Rb4 Kg5 46.Rf3 f5 47.a4 Qa1 48.Rb5 h3+ 49.Rxh3 Qxa4 50.Rbb3 f4
51.Rb2 Qd4 52.Rb8 Qd5+ 53.Kh2 Qd4 54.Kg2 Qd5+ 55.Kh2 Qd4 56.Kg2  1/2-1/2

[Event "25th Open"]
[Site "Ghent BEL"]
[Date "2002.07.22"]
[Round "6"]
[White "Levin,F"]
[Black "Emms,J"]
[Result "0-1"]
[WhiteElo "2524"]
[BlackElo "2544"]

1.d4 Nf6 2.c4 e6 3.Nf3 c5 4.d5 d6 5.Nc3 exd5 6.cxd5 g6 7.e4 a6 8.h3 b5 9.Bd3 Bg7
10.O-O O-O 11.Bf4 Re8 12.Re1 Bb7 13.Rc1 c4 14.Bb1 Qb6 15.b3 cxb3 16.axb3 Nbd7
17.b4 Rac8 18.Be3 Qd8 19.Bd4 Nb6 20.Nd2 Nfd7 21.Bxg7 Kxg7 22.Nb3 Nc4 23.Qd4+ Qf6
24.Qxf6+ Kxf6 25.Bd3 Ncb6 26.f4 Kg7 27.Na2 f5 28.exf5 Bxd5 29.Nc3 Bf7 30.Rxe8 Rxe8
31.Nd4 Nd5 32.Nxd5 Bxd5 33.fxg6 hxg6 34.Ra1 Bb7 35.Kf2 Nb6 36.f5 Nd5 37.fxg6 Nxb4
38.Bf5 Kf6 39.g4 Be4 40.Bxe4 Rxe4 41.Nf5 Kxg6 42.Nxd6 Re6 43.Nf5 Nd5 44.Rd1 Nc3
45.Rd7 b4 46.Rb7 a5 47.h4 a4 48.Rxb4 a3 49.Nd4 a2 50.h5+ Kh6 51.Nb3 Re2+
52.Kf3 Rb2 53.Rb6+ Kg7 54.Rb7+ Kf8 55.Rb8+ Ke7  0-1

[Event "III Open"]
[Site "Villa de Albox ESP"]
[Date "2002.07.23"]
[Round "2"]
[White "Granero Roca,A"]
[Black "Suba,M"]
[Result "0-1"]
[WhiteElo "2351"]
[BlackElo "2507"]

1.d4 Nf6 2.c4 e6 3.Nf3 c5 4.d5 d6 5.Nc3 exd5 6.cxd5 g6 7.g3 Bg7 8.Bg2 O-O
9.O-O Na6 10.Nd2 Nc7 11.Nc4 Nfe8 12.Bf4 g5 13.Be3 f5 14.f4 gxf4 15.Bxf4 b6
16.Rc1 Ba6 17.b3 Qf6 18.Qd2 b5 19.Ne3 Qd4 20.Qc2 Be5 21.Nd1 Ng7 22.Kh1 Rae8
23.Bh6 Bc8 24.Qd3 Qxd3 25.exd3 Na6 26.a3 Rf6 27.Bg5 Rg6 28.Bf4 Bb7 29.Rc2 Bd4
30.Bf3 Nb8 31.g4 fxg4 32.Be4 Nd7 33.b4 Nf6 34.Bxg6 hxg6 35.Bxd6 Nxd5 36.Ng2 cxb4
37.axb4 Nf5 38.Bc5 Nf4 39.Bxd4 Nxd4 40.Rcf2 Nde2 41.Re1 Ng3+ 42.hxg3 Rxe1+  0-1

[Event "Open"]
[Site "Bergen NOR"]
[Date "2002.07.24"]
[Round "5"]
[White "Lahlum,H"]
[Black "Karlsen,T"]
[Result "1-0"]
[WhiteElo "2217"]
[BlackElo "2121"]

1.d4 Nf6 2.c4 c5 3.d5 e6 4.Nc3 exd5 5.cxd5 d6 6.Nf3 g6 7.h3 a6 8.a4 Qe7 9.Bf4 Bg7
10.Nd2 O-O 11.Nc4 Rd8 12.Qb3 Ne8 13.e3 Nd7 14.Be2 Rb8 15.a5 Ne5 16.Nb6 Nf6
17.O-O Bf5 18.Bh2 g5 19.Qd1 Nfd7 20.Nxd7 Rxd7 21.g4 Bg6 22.f4 gxf4 23.exf4 Nd3
24.Rf3 Nxb2 25.Qd2 Be4 26.Rg3 Qf6 27.Nxe4 Qd4+ 28.Qxd4 cxd4 29.Re1 Re7 30.Bf1 Rbe8
31.Rb1 Rxe4 32.Rxb2 Rxf4 33.Rd3 Rfe4  1-0

[Event "ch-TUR"]
[Site "Ankara TUR"]
[Date "2002.07.25"]
[Round "3"]
[White "Citak,S"]
[Black "Erdogan,H"]
[Result "0-1"]
[WhiteElo "2060"]
[BlackElo "2218"]

1.d4 Nf6 2.c4 e6 3.Nc3 c5 4.d5 exd5 5.cxd5 d6 6.Nf3 g6 7.g3 Bg7 8.Bg2 O-O
9.O-O Re8 10.Nd2 Nbd7 11.Nc4 Nb6 12.Ne3 Bd7 13.a4 a6 14.a5 Nc8 15.Nc4 Bb5
16.Qb3 Bxc4 17.Qxc4 b6 18.axb6 Qxb6 19.Ra2 Qb4 20.Qd3 Ng4 21.Ra4 Ne5 22.Qe3 Qb7
23.f4 Nc6  0-1

[Event "6th Open"]
[Site "Korinthos GRE"]
[Date "2002.07.25"]
[Round "3"]
[White "Istratescu,A"]
[Black "Mastrovasilis,A"]
[Result "1-0"]
[WhiteElo "2622"]
[BlackElo "2461"]

1.d4 Nf6 2.c4 e6 3.Nf3 c5 4.d5 d6 5.Nc3 exd5 6.cxd5 g6 7.e4 a6 8.h3 b5 9.Bd3 Bg7
10.O-O O-O 11.Re1 Re8 12.a3 Ra7 13.Bg5 Rae7 14.Qd2 Nbd7 15.b4 Qb6 16.Rac1 Bb7
17.Be3 Qd8 18.Rb1 c4 19.Bc2 Nxe4 20.Nxe4 Rxe4 21.Bxe4 Rxe4 22.Bg5 Qe8 23.Qf4 Bxd5
24.Qxd6 Qe6 25.Qc7 h6 26.Rxe4 Qxe4 27.Rd1 Qf5 28.Qf4 Bxf3 29.Qxf5 gxf5 30.Rxd7 hxg5
31.gxf3 Bb2 32.Ra7 Bxa3 33.Rxa6 Bxb4 34.Rb6 c3 35.Rxb5 Be7 36.Kf1 Kg7 37.Ke2 Kg6
38.Kd3 Bf6 39.Rc5 Bg7 40.Ke3 f4+ 41.Ke4 Kh5 42.h4 Kxh4 43.Rc7 Kh5 44.Kf5 Bd4
45.Rxf7 Kh6 46.Rc7 Bxf2 47.Rxc3 Bh4 48.Rc7 Be1 49.Rc6+ Kh5 50.Rg6 Bh4 51.Rg7 Kh6
52.Rg8 Kh7 53.Rg6 Kh8 54.Ke6 Kh7 55.Kf7 Bf2 56.Rxg5 Kh6 57.Rg4 Be3 58.Kf6 Kh7
59.Kf5 Kh6 60.Rxf4  1-0

[Event "TUR-GEO Chess Summit"]
[Site "Ankara TUR"]
[Date "2002.08.06"]
[Round "2"]
[White "Olcayoz,A"]
[Black "Janjgava,N"]
[Result "1/2-1/2"]
[WhiteElo "2312"]
[BlackElo "2248"]

1.d4 Nf6 2.Nf3 e6 3.c4 c5 4.d5 exd5 5.cxd5 d6 6.Nc3 g6 7.e4 Bg7 8.h3 O-O
9.Bd3 a6 10.a4 Nbd7 11.O-O Nh5 12.Bg5 Bf6 13.Bh6 Bg7 14.Bg5 Bf6 15.Bh6 Bg7
16.Bg5 Bf6 17.Bh6  1/2-1/2

[Event "8th Open"]
[Site "Chambery FRA"]
[Date "2002.08.06"]
[Round "5"]
[White "Moullier,I"]
[Black "Meng,J"]
[Result "1/2-1/2"]
[WhiteElo "2023"]
[BlackElo "2095"]

1.d4 c5 2.d5 e6 3.c4 Nf6 4.Nc3 exd5 5.cxd5 d6 6.Nf3 g6 7.h3 Bg7 8.e4 O-O
9.Bd3 b5 10.Nxb5 Re8 11.Bg5 c4 12.Bxf6 Bxf6 13.Bc2 Qa5+ 14.Nc3 Bxc3+ 15.bxc3 Qxc3+
16.Nd2 Na6 17.O-O Nc5 18.Rc1 Qb4 19.Rb1 Qc3 20.Rc1 Qb4 21.Rb1  1/2-1/2

[Event "Open"]
[Site "Davos SUI"]
[Date "2002.08.06"]
[Round "3"]
[White "Papa,S"]
[Black "Hobuss,U"]
[Result "0-1"]
[WhiteElo "2275"]
[BlackElo "2394"]

1.d4 Nf6 2.Nf3 e6 3.c4 c5 4.d5 exd5 5.cxd5 d6 6.Nc3 g6 7.Bf4 Bg7 8.Qa4+ Bd7
9.Qb3 Qc7 10.e4 O-O 11.Bd3 Nh5 12.Be3 a6 13.a4 Bc8 14.O-O Nd7 15.Qd1 Re8
16.Nd2 Rb8 17.g4 Ne5 18.Be2 Nf6 19.h3 c4 20.f4 Nd3 21.Bxd3 cxd3 22.Qf3 Nd7
23.Rac1 Qd8 24.Kh1 b5 25.e5 bxa4 26.Nde4 dxe5 27.f5 f6 28.Nxa4 Bb7 29.Nac3 Ba8
30.Rf2 Nb6 31.Bxb6 Rxb6 32.g5 Rf8 33.gxf6 Bxf6 34.fxg6 hxg6 35.Qxd3 Bh4 36.Rxf8+ Qxf8
37.Rf1 Qe7 38.Qe2 Kg7 39.Kh2 Qb7 40.Qg4 Rxb2+ 41.Kh1 Qe7 42.d6 Qg5 43.Qf3 Qf4
44.Qxf4 exf4 45.Rxf4 Bd8 46.Kg1 Bc6 47.Kf1 Rb4 48.Ke2 a5 49.Kd3 Bb6 50.h4 a4
51.Ng5 Rxf4 52.Ne6+ Kf6 53.Nxf4 Kf5 54.Nfd5 Bd8 55.Ne7+ Bxe7 56.dxe7 Ke6
57.Kd4 Kxe7 58.Nb1 Ke6 59.Ke3 Kf5  0-1

[Event "V Open"]
[Site "Banyoles ESP"]
[Date "2002.08.08"]
[Round "6"]
[White "Aloma Vidal,R"]
[Black "Fluvia,J"]
[Result "1-0"]
[WhiteElo "2175"]
[BlackElo "2249"]

1.d4 Nf6 2.Nf3 c5 3.d5 e6 4.c4 exd5 5.cxd5 d6 6.Nc3 g6 7.e4 Bg7 8.h3 O-O
9.Bd3 Re8 10.O-O a6 11.a4 Nbd7 12.Re1 Qc7 13.Bf4 Nh5 14.Bh2 Ne5 15.g4 Nf6
16.Nxe5 dxe5 17.Rc1 Bh6 18.Rc2 Qd6 19.b3 Bd7 20.Qe2 Bg5 21.Kg2 h5 22.f3 Kg7
23.Rb2 hxg4 24.hxg4 Rh8 25.Bg3 Ne8 26.Rbb1 Qf6 27.Rh1 Nd6 28.a5 Bh4 29.Bxh4 Rxh4
30.Rxh4 Qxh4 31.Rh1 Qg5 32.Nd1 Bb5 33.Nf2 Rc8 34.Bc4 Rh8 35.Nh3 Qd8 36.Ra1 Bxc4
37.bxc4 b6 38.Qc2 bxa5 39.Qc3 f6 40.Nf2 Qb6 41.Nd3 a4 42.Rxa4 Rb8 43.Ra1 Kf7
44.g5 Qb3 45.Qxb3 Rxb3 46.Nxc5 Rb2+ 47.Kg3 Nxc4 48.Rxa6 fxg5 49.Ra7+ Ke8
50.Nd3 Rd2 51.Ra8+ Kf7 52.Nf2 Ne3 53.Ra7+ Kf8 54.Ra6  1-0

[Event "Open"]
[Site "Olomouc CZE"]
[Date "2002.08.08"]
[Round "9"]
[White "Maiorov,N"]
[Black "Simacek,P"]
[Result "1-0"]
[WhiteElo "2334"]
[BlackElo "2427"]

1.d4 Nf6 2.c4 c5 3.d5 e6 4.Nc3 exd5 5.cxd5 d6 6.Nf3 g6 7.g3 Bg7 8.Bg2 O-O
9.O-O Re8 10.Nd2 a6 11.a4 Nbd7 12.a5 Ne5 13.h3 Nh5 14.Kh2 f5 15.f4 Nf7 16.Nc4 Nf6
17.Qd3 Bd7 18.Nb6 Rb8 19.Rb1 Ne4 20.Nxd7 Nxc3 21.bxc3 Qxd7 22.c4 Qc7 23.Rb6 Re7
24.Bd2 Rbe8 25.e3 Kf8 26.Rfb1 Qd7 27.Bf3 Rc8 28.g4 Nh6 29.gxf5 gxf5 30.Bd1 Rc7
31.Qe2 Ng8 32.Bc2 Nf6 33.Rg1 Ne4 34.Be1 Bf6 35.Qh5 Rg7 36.Rxg7 Kxg7 37.Bxe4 fxe4
38.Bh4 Qe7 39.Qg4+ Kh8 40.Bxf6+ Qxf6 41.Qe6 Qxe6 42.dxe6 Kg7 43.Rxd6 Kf6
44.Rd5 Kxe6 45.Re5+ Kf6 46.Rxe4 b6 47.axb6 Rb7 48.Re5 Rxb6 49.Kg3 a5 50.Rxc5 Ra6
51.Rb5 a4 52.Rb2 a3 53.Ra2 Ke6 54.e4 Kd6 55.e5+ Kc5 56.f5 Kxc4 57.e6 Kd5
58.e7 Ra8 59.Rd2+  1-0

[Event "V Open"]
[Site "Banyoles ESP"]
[Date "2002.08.10"]
[Round "8"]
[White "Aloma Vidal,R"]
[Black "Mirzoev,A"]
[Result "0-1"]
[WhiteElo "2175"]
[BlackElo "2498"]

1.d4 Nf6 2.Nf3 e6 3.c4 c5 4.d5 exd5 5.cxd5 d6 6.Nc3 g6 7.e4 a6 8.a4 Bg4 9.Be2 Bg7
10.h3 Bxf3 11.gxf3 O-O 12.Bg5 Nbd7 13.Qd2 Re8 14.h4 h5 15.O-O Rc8 16.Nb1 Qc7
17.Na3 Nh7 18.Bf4 Ne5 19.Rac1 Qe7 20.Bg3 Bf6 21.Qf4 Nf8 22.Nc4 Nfd7 23.Rc2 Nxc4
24.Bxc4 Ne5 25.Kg2 Kg7 26.Rh1 Qd7 27.b3 Rb8 28.a5 b5 29.axb6 Rxb6 30.Qe3 a5
31.Bxe5 Bxe5 32.Ra2 Ra8 33.Be2 a4 34.bxa4 Rxa4 35.Rc2 Rbb4 36.Qd2 Qe7 37.f4 Rd4
38.Qc1 Bf6 39.f3 Bxh4 40.Qe3 Bf6 41.Qf2 Rdb4 42.Bd1 Ra3 43.Re2 Bd4 44.Qg3 Rb1
45.Rhe1 Raa1 46.Bc2 Rxe1 47.Rxe1 h4  0-1